| 000 | 00685nam a2200217 a 4500 | ||
|---|---|---|---|
| 001 | 23814 | ||
| 003 | CO-ViMGA | ||
| 008 | 141112s2004 ck r 000 u spa d | ||
| 020 | _a9789701512234 | ||
| 040 |
_aCO-ViMGA _bspa _cCO-ViMGA |
||
| 082 | 0 | 4 | _a658.4038 G653s |
| 100 | 1 |
_aGomez, Alvaro _934481 |
|
| 245 | 1 | 0 |
_aSistemas de informacion : _bHerramientas practicas para la gestion empresarial / _cAlvaro Gomez |
| 260 |
_aMéxico : _bAlfaomega |
||
| 300 | _a256p. | ||
| 650 | 1 | 4 |
_aADMINISTRACION DEL CONOCIMIENTO _932786 |
| 650 | 1 | 4 |
_aGESTION DE INFORMACION _934482 |
| 650 | 1 | 4 |
_aSISTEMAS DE INFORMACION _953407 |
| 650 | 1 | 4 |
_aTECNOLOGIA DE LA INFORMACION _912744 |
| 942 |
_2ddc _cBK |
||
| 999 |
_c31896 _d31896 |
||